Statistiques concernant Cinéma commençant par la lettre T

Cliquez ici pour prendre le quiz!

Statistiques générales

  • Ce quiz a été pris 518 fois
  • Le résultat moyen est 6 sur 12

Statistiques - réponses

HintRéponse% Correct
Palme d'Or en 1976, sur un chauffeur insomniaque et instableTaxi Driver
86%
Cyborg vengeur, également appelé T-800Terminator
79%
Genre cinématographie, dont le nom dérive du verbe frémirThriller
71%
Terme désignant le déplacement de la caméra durant une prise de vueTravelling
65%
Réalisateur de films violents, ayant réhabilité la carrière de ce dernier en 1994Quentin Tarantino
61%
Sous-genre dont Breakfast Club et American Pie sont les exemples les plus connusTeen movie
38%
Cinéaste et comédien, créateur du personnage de Monsieur HulotJacques Tati
37%
A interprété la reine Cléopâtre en 1963Elizabeth Taylor
36%
Danse au 2001 Odyssey le samedi soir. Amour d'été de Sandy OlssonJohn Travolta
35%
Cinéaste soviétique, dont le Solaris eu droit à un remake en 2002Andreï Tarkovski
27%
Cinéaste français, ayant fait tourné Philippe Noiret à 8 reprisesBertrand Tavernier
18%
Terence Stamp séduit tous les membres d'une famille bourgeoiseThéorème
9%

Distribution des résultats

Percentile par nombre de réponses

% des personnes avec chaque résultat

Votre développement - résultats

Vous n’avez pas pris ce quiz